| 000 | 00440nam a2200157 4500 | ||
|---|---|---|---|
| 001 | 148011 | ||
| 003 | ES-MaACL | ||
| 005 | 20230906202400.0 | ||
| 007 | t| | ||
| 008 | 070214s1931 sp r ||||1| spa d | ||
| 100 | 1 |
_aEscalante, Gil de. _947465 |
|
| 245 | 1 | 0 |
_aNuevo diccionario / _cGil de Escalante. |
| 260 |
_aMadrid : _bCompañía Ibero-Americana de Publicaciones, _c1931. |
||
| 300 |
_a186 p. ; _c16 cm. |
||
| 852 |
_aES-MaACL _jF-17683 |
||
| 999 |
_c148011 _d148011 |
||